000 00605nam a2200145 a 4500
008 120416s1974 ||||||||||||||||| || u
050 _aDT 443 Kon
100 _aKonter, Jan Herman
245 1 0 _aFacts and factors in the rural economy of the Nyakyusa, Tanzania
246 _aan inquiry into economic achievement and...
260 _aLeiden, Netherlands
_bUniversity of Amsterdam
_c1974
300 _av, 346p. : ill.
350 _a0.00
995 _D0.00
_FCBU-MAIN LIBRARY (Kitwe)
_H1
_I0.00
_M1
_UAVAILABLE
_WSep 6, 2006
_ZMain Library Open Access Collection
999 _c43109
_d43109